000 00713nam a2200229Ia 4500
008 191130s2007##################000#0#eng##
020 _a9780521870474
022 _a2006039199
040 _aACL
_cACL
082 _a332.042 ARN
100 _aArner, Douglas W
245 _aFinancial stability, economic growth, and the role of law
_cDouglas W. Arner
260 _aCambridge
_bCambridge University Press
_c2007
300 _avii, 344 p. ; 24 cm
500 _aIncludes bibliographical references and index
650 _aEconomic development
650 _aFinance - Law and legislation
650 _aFinancial crises
990 _a9fab415aac10000c093c9659df17252c
991 _a33882
999 _c183786
_d183786